| 000 | 00902nam a22002777a 4500 | ||
|---|---|---|---|
| 005 | 20240618104736.0 | ||
| 008 | 180518t xxu||||| |||| 00| 0 eng d | ||
| 020 | _a9789810698911 | ||
| 040 | _cCSPC | ||
| 082 | 0 |
_a005.42 _bK331s |
|
| 100 |
_aKendall, Kenneth E., _eauthor. |
||
| 245 | 0 | 0 |
_aSystems analysis and design _cKenneth E. Kendall |
| 250 |
_a7th _bEdition |
||
| 260 |
_aSingapore : _bPrentice Hall, _c2008. |
||
| 300 |
_aiii, 774 pages : _bfigures ; _c26 cm. |
||
| 500 | _aIncludes Index. | ||
| 650 | 1 | 0 | _aSystem analysis. |
| 650 | 1 | 0 | _aSystem design. |
| 650 | 1 | 0 | _aSystems programming (Computer science). |
| 650 | 1 | 0 | _aManagement information systems. |
| 700 | 1 |
_aKendall, Julie E., _eauthor. |
|
| 940 | _aLenie | ||
| 942 |
_cBK _2ddc |
||
| 999 |
_c4547 _d4547 |
||